Premiers ministres français - Statistiques

Statistiques générales
  • Ce quiz a été pris 65 fois
  • Le résultat moyen est 22 sur 29
Statistiques - réponses
Mandats Ministres % Correct
2024- Gabriel Attal
98%
2022-2024 Elisabeth Borne
96%
2024-2025 François Bayrou
96%
1974-1976 Jacques Chirac
92%
1986-1988 Jacques Chirac
92%
2014-2016 Manuel Valls
92%
2024- Michel Barnier
92%
2025- Sébastien Lecornu
92%
2020-2022 Jean Castex
90%
2017-2020 Edouard Philippe
86%
2007-2012 François Fillon
86%
1997-2002 Lionel Jospin
86%
1962-1968 Georges Pompidou
84%
1991-1992 Edith Cresson
82%
2016-2017 Bernard Cazeneuve
78%
2005-2007 Dominique de Villepin
74%
1995-1997 Alain Juppé
72%
1959-1962 Michel Debré
70%
2012-2014 Jean-Marc Ayrault
66%
1993-1995 Edouard Balladur
62%
1969-1972 Jacques Chaban-Delmas
62%
1984-1986 Laurent Fabius
60%
1981-1984 Pierre Mauroy
58%
2002-2005 Jean-Pierre Raffarin
54%
1992-1993 Pierre Bérégovoy
54%
1988-1991 Michel Rocard
52%
1972-1974 Pierre Messmer
48%
1976-1981 Raymond Barre
48%
1968-1969 Maurice Couve de Murville
46%
Aucun quiz correspondant
Distribution des résultats
% des personnes avec chaque résultat
Percentile par nombre de réponses
Votre historique - résultats
Vous n’avez pas pris ce quiz